书目信息 |
| 题名: |
日本文化概论
|
|
| 作者: | 韩立红 编著 | |
| 分册: | ||
| 出版信息: | 天津 南开大学出版社 2014.01 |
|
| 页数: | 329页 | |
| 开本: | 21cm | |
| 丛书名: | ||
| 单 册: | ||
| 中图分类: | H369.4:G131.32 , H36 | |
| 科图分类: | ||
| 主题词: | 日语--语言读物 , 文化--研究--日本 | |
| 电子资源: | ||
| ISBN: | 978-7-310-01989-2 | |
| 000 | 00873nam0 2200265 450 | |
| 001 | 2331469438 | |
| 005 | 20231219211932.82 | |
| 010 | @a978-7-310-01989-2@dCNY 20.00 | |
| 100 | @a20110920e2014 em y0chiy0120 ea | |
| 101 | 0 | @achi |
| 102 | @aCN@b120000 | |
| 105 | @aa z 000yy | |
| 200 | 1 | @a日本文化概论@Ari ben wen hua gai lun@b专著@f韩立红编著 |
| 205 | @a2版 | |
| 210 | @a天津@c南开大学出版社@d2014.01@h2011重印 | |
| 215 | @a329页@c图@d21cm | |
| 300 | @a高级日语系列教材 | |
| 330 | @a本书从日本的精神文化入手,提纲挈领地概括了日本文化的特质,而且以点带面论及日本的哲学、宗教、文学艺术、教育、风俗、技术、科学等几乎所有的文化领域。 | |
| 606 | 0 | @a日语@j语言读物 |
| 606 | 0 | @a文化@x研究@y日本 |
| 690 | @aH369.4:G131.32@v5 | |
| 690 | @aH36@v4 | |
| 701 | 0 | @a韩立红@Ahan li hong@f(1964 )@4编著 |
| 801 | 2 | @aCN@b辽宁北配@c20231205 |
| 905 | @aZUCC@dH36@e184=2 | |
| 日本文化概论/韩立红编著.-2版.-天津:南开大学出版社,2014.01(2011重印) |
| 329页:图;21cm |
| 高级日语系列教材 |
| ISBN 978-7-310-01989-2:CNY 20.00 |
| 本书从日本的精神文化入手,提纲挈领地概括了日本文化的特质,而且以点带面论及日本的哲学、宗教、文学艺术、教育、风俗、技术、科学等几乎所有的文化领域。 |
| ● |
| 相关链接 |
|
|
|
正题名:日本文化概论
索取号:H36/184=2
 
预约/预借
| 序号 | 登录号 | 条形码 | 馆藏地/架位号 | 状态 | 备注 |
| 1 | 2001533150 | 2001533150 | 319书库/ [索取号:H36/184=2] | 在馆 | |
| 2 | 2001533151 | 2001533151 | 319书库/ [索取号:H36/184=2] | 在馆 | |
| 3 | 2001533152 | 2001533152 | 319书库/ [索取号:H36/184=2] | 在馆 | |
| 4 | 2001533153 | 2001533153 | 319书库/ [索取号:H36/184=2] | 在馆 | |
| 5 | 2001533154 | 2001533154 | 319书库/ [索取号:H36/184=2] | 在馆 | |
| 6 | 2001533155 | 2001533155 | 319书库/ [索取号:H36/184=2] | 在馆 | |
| 7 | 2001533156 | 2001533156 | 319书库/ [索取号:H36/184=2] | 在馆 | |
| 8 | 2001533157 | 2001533157 | 319书库/ [索取号:H36/184=2] | 在馆 | |
| 9 | 2001533158 | 2001533158 | 319书库/ [索取号:H36/184=2] | 在馆 | |
| 10 | 2001533159 | 2001533159 | 319书库/ [索取号:H36/184=2] | 在馆 | |
| 11 | 2001533160 | 2001533160 | 319书库/ [索取号:H36/184=2] | 在馆 | |
| 12 | 2001533161 | 2001533161 | 319书库/ [索取号:H36/184=2] | 在馆 | |
| 13 | 2001533162 | 2001533162 | 319书库/ [索取号:H36/184=2] | 在馆 | |
| 14 | 2001533163 | 2001533163 | 319书库/ [索取号:H36/184=2] | 在馆 | |
| 15 | 2001533164 | 2001533164 | 319书库/ [索取号:H36/184=2] | 在馆 | |
| 16 | 2001533165 | 2001533165 | 319书库/ [索取号:H36/184=2] | 在馆 | |
| 17 | 2001533166 | 2001533166 | 319书库/ [索取号:H36/184=2] | 在馆 | |
| 18 | 2001533167 | 2001533167 | 319书库/ [索取号:H36/184=2] | 在馆 | |
| 19 | 2001533168 | 2001533168 | 319书库/ [索取号:H36/184=2] | 在馆 | |
| 20 | 2001533169 | 2001533169 | 319书库/ [索取号:H36/184=2] | 在馆 | |
| 21 | 2001533170 | 2001533170 | 319书库/ [索取号:H36/184=2] | 在馆 | |
| 22 | 2001533171 | 2001533171 | 319书库/ [索取号:H36/184=2] | 在馆 | |
| 23 | 2001533172 | 2001533172 | 319书库/ [索取号:H36/184=2] | 在馆 | |
| 24 | 2001533173 | 2001533173 | 319书库/ [索取号:H36/184=2] | 在馆 | |
| 25 | 2001533174 | 2001533174 | 319书库/ [索取号:H36/184=2] | 在馆 | |
| 26 | 2001533175 | 2001533175 | 319书库/ [索取号:H36/184=2] | 在馆 | |
| 27 | 2001533176 | 2001533176 | 319书库/ [索取号:H36/184=2] | 在馆 | |
| 28 | 2001533177 | 2001533177 | 319书库/ [索取号:H36/184=2] | 在馆 | |
| 29 | 2001533178 | 2001533178 | 319书库/ [索取号:H36/184=2] | 在馆 | |
| 30 | 2001533179 | 2001533179 | 319书库/ [索取号:H36/184=2] | 在馆 |